Distribución espacial, hábitat disponible y dinámica poblacional de Aniba perutilis (Lauraceae) en tres fragamentos de bosque muy húmedo premontano del flanco occidental de la Cordillera Central de Colombia (Registro nro. 6032)

Detalles MARC
000 -CABECERA
Campo de control 01616nam a2200193 a 4500
090 ## - CLASIFICACIÓN LOCAL
Colección IAVH
Consecutivo 00765 CD-1
041 ## - IDIOMA
Código de idioma para texto/pista de sonido o título separado Español
100 ## - ASIENTO PRINCIPAL--NOMBRE PERSONAL
Nombre personal Fagua, José Camilo
245 ## - MENCION DE TITULO
Título Distribución espacial, hábitat disponible y dinámica poblacional de Aniba perutilis (Lauraceae) en tres fragamentos de bosque muy húmedo premontano del flanco occidental de la Cordillera Central de Colombia
260 ## - PUBLICACION, DISTRIBUCION, ETC. (PIE DE IMPRENTA)
Lugar de publicación, distribución, etc. Bogotá
Nombre del editor, distribuidor, etc. Instituto Alexander von Humboldt
Fecha de publicación, distribución, etc. 2006
300 ## - DESCRIPCION FISICA
Extensión 52 p.
520 ## - NOTA DE RESUMEN, ETC.
Nota de resumen Se determinó que los individuos en la reserva forestal Bremen no son una población sino un grupo de recolonización, razón por la cual solo se estimaron estadísticos poblacionales dinámicos en los otros dos fragmentos de bosque, los cuales poseen dos poblaciones bien estructuradas. La población del cañón del Barbas persentó una tasa de desarrollo de 0.94 lo cual indica que está en decrecimiento y no es viable. La población de Otún-Quimbaya presentó una tasa de desarrollo de 1.04 lo cual indica que tiende a crecer y es viable, pero es suceptible a decrecer. En general se encontró un muy bajo número de individuos reproductivos, lo que unido a una baja disponibilidad de hábitat y a una estructura poblacional partida, seguramente está generando inviabilidad genética.
650 ## - ASIENTO SECUNDARIO DE MATERIA - TERMINO TEMATICO
Término temático o nombre geográfico como elemento de entrada Conservación
650 ## - ASIENTO SECUNDARIO DE MATERIA - TERMINO TEMATICO
Término temático o nombre geográfico como elemento de entrada Biodiversidad
650 ## - ASIENTO SECUNDARIO DE MATERIA - TERMINO TEMATICO
Término temático o nombre geográfico como elemento de entrada Reservas forestales
650 ## - ASIENTO SECUNDARIO DE MATERIA - TERMINO TEMATICO
Término temático o nombre geográfico como elemento de entrada Dinámica de poblaciones
662 ## - ASIENTO SECUNDARIO DE MATERIA - JERARQUIA DEL NOMBRE DE LUGAR(
País o entidad mayor Colombia
Jurisdicción política intermedia Reserva Forestal Bremen
Jurisdicción política de primer orden Risaralda
773 0# - Item fuente:
Host Biblionumber 5986
Host Itemnumber 9704
Asiento principal
Edición
Lugar, editorial y fecha de publicación Bogotá Informatica documental 2007
Otro identificador del ítem - Codigo de Barras 024802
Título Informes de investigaciones IAVH en PDF
Número de control del registro
Número Internacional Normalizado para Publicaciones Seriadas - ISSN
Número Internacional Normalizado para Libros - ISBN

No hay ítems disponibles.